[Event "Maastricht Limburg op-C 6th"]
[Site "Maastricht"]
[Date "2012.05.27"]
[Round "4"]
[White "Calje, Adrey"]
[Black "Conte, Roberto"]
[Result "0-1"]
[WhiteElo "1032"]
[BlackElo "1368"]
[PlyCount "104"]
[EventDate "2012.05.25"]
[EventType "swiss"]
[EventRounds "7"]
[EventCountry "NED"]
[SourceTitle "EXT 2013"]
[Source "ChessBase"]
[SourceDate "2012.11.22"]
[SourceVersion "1"]
[SourceVersionDate "2012.11.22"]
[SourceQuality "1"]

1. e4 c5 2. d4 cxd4 3. c3 dxc3 4. Nxc3 a6 5. Nf3 e6 6. Bc4 Nc6 7. 0-0 b5 8. Bb3 Bb4 9. Qe2 Nge7 10. Rd1 0-0 11. Qd3 Ng6 12. Bc2 f5 13. a3 Nce5 14. Nxe5 Nxe5 15. Qd4 Bxc3 16. Qxc3 Qf6 17. exf5 Bb7 18. Qh3 Rac8 19. Bb1 exf5 20. Ba2+ Kh8 21. Bb1 Qg6 22. Kh1 Ng4 23. Be3 Rce8 24. Qg3 Qh5 25. Bd4 f4 26. Bxg7+ Kxg7 27. Qc3+ Kg8 28. Ba2+ Rf7 29. Bxf7+ Qxf7 30. Rd2 f3 31. g3 Re2 32. Rf1 Nxh2 33. Rfd1 Ng4 34. Kg1 Qh5 35. Qb3+ d5 36. Qxf3 Qh2+ 37. Kf1 Re4 38. Re2 Qh3+ 39. Ke1 Nh2 40. Qh1 Rxe2+ 41. Kxe2 d4 42. Qxb7 Qe6+ 43. Kd3 Qb3+ 44. Kd2 Qxb2+ 45. Kd3 Qc3+ 46. Ke2 Qc2+ 47. Rd2 d3+ 48. Ke3 Nf1+ 49. Kd4 Qc4+ 50. Ke5 Nxd2 51. Qd5+ Qxd5+ 52. Kxd5 Nc4 0-1

[Event "Maastricht Limburg op-C 6th"]
[Site "Maastricht"]
[Date "2012.05.26"]
[Round "2"]
[White "Conte, Roberto"]
[Black "Dekens, Joop"]
[Result "0-1"]
[WhiteElo "1368"]
[BlackElo "1594"]
[PlyCount "102"]
[EventDate "2012.05.25"]
[EventType "swiss"]
[EventRounds "7"]
[EventCountry "NED"]
[SourceTitle "EXT 2013"]
[Source "ChessBase"]
[SourceDate "2012.11.22"]
[SourceVersion "1"]
[SourceVersionDate "2012.11.22"]
[SourceQuality "1"]

1. e4 d6 2. d4 Nf6 3. Nc3 g6 4. Nf3 Bg7 5. Be3 0-0 6. Bc4 Nxe4 7. Nxe4 d5 8. Bd3 dxe4 9. Bxe4 f5 10. Bd3 c5 11. Qd2 Nc6 12. Bc4+ Kh8 13. c3 Na5 14. Be2 cxd4 15. Bxd4 Bxd4 16. Qxd4+ Qxd4 17. Nxd4 e5 18. Nf3 Nc6 19. Bc4 e4 20. Ng5 Ne5 21. b3 Nxc4 22. bxc4 h6 23. Nh3 Be6 24. Rb1 Bxc4 25. Nf4 Bf7 26. Rxb7 Rab8 27. Rxb8 Rxb8 28. Ke2 g5 29. Nh3 Bxa2 30. Rc1 Bc4+ 31. Ke3 Rd8 32. f3 Rd3+ 33. Kf2 e3+ 34. Ke1 Rd2 35. Rd1 Rxd1+ 36. Kxd1 Bf1 37. Ke1 a5 38. Ng1 a4 39. Kd1 e2+ 40. Nxe2 Bxe2+ 41. Kc2 Bc4 42. Kb2 h5 43. Ka3 Bb5 44. Kb4 Bc6 45. c4 Kg7 46. g3 Kf6 47. f4 gxf4 48. gxf4 Ke6 49. Ka3 Kd6 50. Kb4 h4 51. h3 Bg2 0-1

[Event "Maastricht Limburg op-C 6th"]
[Site "Maastricht"]
[Date "2012.05.26"]
[Round "3"]
[White "De Coninck, Erik"]
[Black "Conte, Roberto"]
[Result "1-0"]
[WhiteElo "1389"]
[BlackElo "1368"]
[PlyCount "97"]
[EventDate "2012.05.25"]
[EventType "swiss"]
[EventRounds "7"]
[EventCountry "NED"]
[SourceTitle "EXT 2013"]
[Source "ChessBase"]
[SourceDate "2012.11.22"]
[SourceVersion "1"]
[SourceVersionDate "2012.11.22"]
[SourceQuality "1"]

1. c4 f5 2. g3 Nf6 3. Bg2 e6 4. Nc3 c6 5. Nf3 d5 6. b3 Bd6 7. 0-0 Nbd7 8. d3 Ne5 9. Qc2 Nxf3+ 10. Bxf3 0-0 11. e4 fxe4 12. dxe4 d4 13. Na4 e5 14. Bg2 Qe8 15. c5 Bc7 16. f4 Bg4 17. h3 Bh5 18. g4 Bxg4 19. hxg4 Nxg4 20. Bh3 Qg6 21. Bxg4 Qxg4+ 22. Qg2 Qxg2+ 23. Kxg2 exf4 24. Bb2 Rad8 25. Rad1 d3 26. Nc3 g5 27. Rf3 d2 28. Rf2 g4 29. Rfxd2 f3+ 30. Kf1 Rxd2 31. Rxd2 g3 32. Nd1 h5 33. Nf2 gxf2 34. Rxf2 Bg3 35. Rd2 h4 36. Rd6 Bxd6 37. cxd6 h3 38. Be5 Re8 39. Kf2 Rxe5 40. d7 h2 41. d8Q+ Kf7 42. Qd7+ Re7 43. Qf5+ Ke8 44. Qh5+ Kd8 45. Qxh2 Rf7 46. e5 Ke7 47. Qh6 Rf5 48. Qd6+ Kf7 49. e6+ 1-0